| 000 | 00463nam a22001812 4500 | ||
|---|---|---|---|
| 001 | 0000003515 | ||
| 005 | 20170406115102.0 | ||
| 008 | 140619s xx 000 0 eng d | ||
| 020 | _c$ | ||
| 040 |
_aYour Holding Symbol _cYour Holding Symbol |
||
| 100 | 1 | _aRobinson Morton Henry. | |
| 245 | 1 | 4 | _aThe cadinal. |
| 250 | _a ed. | ||
| 260 |
_aNEW YORK : _bSIMON, _c1950. |
||
| 300 |
_a579 p. ; _c cm. |
||
| 650 | 0 | _aLITERATURE. | |
| 908 | _a140619 | ||
| 999 |
_c3390 _d3390 |
||